000 00715nas a2200241 4500
001 BR0104463
003 BR-BrBNA
005 20231205102548.0
007 ta
008 230509b bl.|||p| |||| 00| 00por d
040 _aBR-BrBNA
_bpor
_cBiblioteca Nacional de Agricultura
041 _a(Pt)
072 _aF02
100 1 _aCid, L.P.B.
245 1 _aA propagacao in vitro de plantas, o que e isso
650 _aMicropropagacao
650 _aBiotecnologia
650 _aMeio de Cultura
650 _aNutriente
773 0 _tBiotecnologia Ciencia e Desenvolvimento (Brazil)
_xISSN 1414-4522
_g(Mar-Apr 2001), v. 3(19) p. 16-21
_wBR0104463
909 _a202311
_bLúcia
_c55
_dLúcia Elande
942 _2AGRIS
_n0
_cANA
999 _c168177
_d168177